LEADER 00936nam a2200229 i 4500 001 000000139987 003 CaOOAMICUS 005 20050606000000.0 008 050606s1977 it u000 u ita u 013 $a114179 040 $aSeMil$bita 100 1 $aMancini, Sandro,$d<1951- >.$0(OLS)http://semarc/name/56451 245 10$aSocialismo e democrazia diretta :$bintroduzione a Raniero Panzieri /$cSandro Mancini. 260 $aBari :$bDedalo,$ccopyr. 1977. 300 $a147 p. ;$c18 cm. 500 $aContiene : Nota bibliografica. 650 4$aPanzieri, Raniero.$0(OLS)http://semarc/subject/27553 850 $aSeMil 852 $aSeMil$W1$xVenegono$y1$m216 5 10 *$j93374$B93374$CSeMilBibl$Z2$F98792 $81 961 $aLascito: Corradi mons. Enrico 996 $6245$aSocialismo e democrazia diretta :$bintroduzione a Raniero Panzieri$9(OLS)http://semarc/title/204521 996 $6260$aBari :$bDedalo$9(OLS)http://semarc/publisher/30763 LEADER 01247nam a2200241 i 4500 001 000000204884 003 CaOOAMICUS 005 20110808000000.0 008 110808s1950 it u000 u ita u 013 $a183612 040 $aSeMil$bita 245 13$aLa catechesi a Congresso :$bAtti del 3. Congresso catechistico Diocesano Milanese, Milano, 1-4 ottobre 1949. 260 $aMilano :$bPontificia Editrice Arcivescovile Daverio,$c1950. 300 $a173 p :$bill. ;$c24 cm. 650 4$aCatechesi - Atti di congressi.$0(OLS)http://semarc/subject/8001 650 4$aCatechesi - Atti di congressi - Italia.$0(OLS)http://semarc/subject/12432 700 1 $aCongresso Catechistico diocesano Milanese <3. ; 1949 ; Milano>.$0(OLS)http://semarc/name/73800 850 $aSeMil 852 $aSeMil$W1$xVenegono$y1$m3F IV 365$j241184$B245294$CSeMilBibl$Z2$F245294 $81 852 $aSeMil$W1$xVenegono$y1$m2C V 600$j155378$B155378$CSeMilBibl$Z2$F166684 $81 961 $aOmaggio: Altro 996 $6245$aLa catechesi a Congresso :$bAtti del 3. Congresso catechistico Diocesano Milanese, Milano, 1-4 ottobre 1949$9(OLS)http://semarc/title/296747 996 $6260$aMilano :$bPontificia Editrice Arcivescovile Daverio$9(OLS)http://semarc/publisher/30040